Municipios Merindad de Pamplona - Estadísticas

Estadísticas generales
  • Esta prueba ha sido intentada 104 veces
    11 desde el último reinicio
  • La puntuación promedio es 35 de 85
Respuestas en el mapa
Las respuestas están codificadas por una escala verde-roja en el mapa de la prueba según el % correcto abajo.
 
Estadísticas de respuestas
Municipio % Correcto
Alsasua / Altsasu
88%
Baztán / Baztan
88%
Berriozar
88%
Pamplona / Iruña
88%
Ansoáin / Antsoain
75%
Barañáin / Barañain
75%
Echarri / Etxarri
75%
Echauri / Etxauri
75%
Lesaca / Lesaka
75%
Puente la Reina / Gares
75%
Vera de Bidasoa / Bera
75%
Berrioplano / Berriobeiti
63%
Cizur
63%
Echarri-Aranaz / Etxarri-Aranatz
63%
Huarte Araquil / Uharte-Arakil
63%
Irurzun / Irurtzun
63%
Leiza / Leitza
63%
Urdax / Urdazubi
63%
Zizur Mayor / Zizur Nagusia
63%
Araquil / Arakil
50%
Areso
50%
Cendea de Olza / Oltza Zendea
50%
Donamaría / Doneztebe
50%
Galar
50%
Goizueta
50%
Ituren
50%
Iza / Itza
50%
Lecumberri / Lekumberri
50%
Olazagutía / Olazti
50%
Orcoyen / Orkoien
50%
Santesteban / Doneztebe
50%
Ulzama
50%
Urdiain
50%
Urroz de Santesteban / Urrotz
50%
Villava / Atarrabia
50%
Zugarramurdi
50%
Anue
38%
Arano
38%
Arbizu
38%
Bacaicoa / Bakaioko
38%
Betelu
38%
Ciordia / Ziordia
38%
Elgorriaga
38%
Ezcabarte / Ezkabarte
38%
Ezcurra / Ezkurra
38%
Iganzi / Igantzi
38%
Lacunza / Lakuntza
38%
Lanz / Lantz
38%
Larraun
38%
Zubieta
38%
Adiós
25%
Araiz
25%
Aranaz / Aranatz
25%
Atez / Atetz
25%
Basaburua (Mayor)
25%
Beinza-Labayen / Beintza-Labaien
25%
Bertizarana
25%
Bidaurreta
25%
Ciriza / Ziritza
25%
Echalar / Etxalar
25%
Enériz / Eneritz
25%
Erasun
25%
Ergoyena / Ergoiena
25%
Imoz / Imotz
25%
Irañeta
25%
Iturmendi
25%
Muruzábal
25%
Obanos
25%
Odieta
25%
Oiz
25%
Olaibar
25%
Ollo / Ollaran
25%
Saldias
25%
Sunbilla
25%
Tirapu
25%
Uterga
25%
Zabalza / Zabalza
25%
Añorbe
13%
Arruazu
13%
Belascoáin
13%
Beriáin
13%
Biurrun-Olcoz
13%
Juslapeña / Txulapain
13%
Legarda
0%
Úcar
0%
No se encontraron pruebas coincidentes
Distribución de puntuación
Porcentaje de gente con cada puntuación
Porcentaje por número respondido
Historial de tus puntuaciones
No has intentado esta prueba desde el último reinicio